Tres hombres, tres obras.
Salvato in:
| Autore principale: | |
|---|---|
| Natura: | Libro |
| Lingua: | inglese |
| Pubblicazione: |
Santiago, Chile:
Sudamericana; Centro de Investigaciones Diego Barros Arana,
2004.
|
| Serie: | Colección Todo es historia.
|
| Soggetti: | |
| Tags: |
Aggiungi Tag
Nessun Tag, puoi essere il primo ad aggiungerne!!
|
MARC
| LEADER | 00000nam a22000007a 4500 | ||
|---|---|---|---|
| 003 | CL-VaPUC | ||
| 005 | 20221004074543.0 | ||
| 008 | 220802t2004 ||||| |||| 00| 0 eng d | ||
| 999 | |c 437853 |d 437851 | ||
| 020 | |a 956-262-206-1 | ||
| 040 | |c Pontificia Universidad Católica de Valparaíso | ||
| 082 | |2 22 |a 920.0983 GAZ 2004 | ||
| 100 | |9 617185 |a Gazmuri Riveros, Cristián |e autor | ||
| 245 | |a Tres hombres, tres obras. | ||
| 260 | |a Santiago, Chile: |b Sudamericana; |b Centro de Investigaciones Diego Barros Arana, |c 2004. | ||
| 300 | |a 163 páginas. | ||
| 490 | |a Colección Todo es historia. | ||
| 500 | |a c.1 Donación Familia Prof. Alejandro Guzmán Brito. | ||
| 583 | |c 20220802 |k Yessy Sthefany Diaz Vidal | ||
| 600 | 0 | |a Vicuña Mackenna, Benjamín, |d 1831-1886 |x Político e historiador |z Chile |9 374 | |
| 600 | 0 | |9 316241 |a Barros Arana, Diego |x Biografías y obras | |
| 600 | 0 | |9 350453 |a Edwards, Alberto |x Biografías y obras | |
| 650 | 0 | |9 314498 |a Historiadores |x Biografías |z Chile | |
| 942 | |2 ddc |c BK |n 0 | ||
| 952 | |0 0 |1 0 |2 ddc |4 0 |6 920_098300000000000_GAZ_2004 |7 1 |8 C_AGB |9 585700 |a BIBDER |b BIBDER |d 2022-08-02 |e Donación |i 5653600 |o 920.0983 GAZ 2004 |p 5653600 |r 2023-01-25 |t 1 |w 2022-08-02 |y BK_US |k AGB | ||